000 00279nam a22001337a 4500
008 170412b xxu||||| |||| 00| 0 eng d
020 _a9781563637339
041 _aeng
080 _a612.39
100 _a10
101 _aSHM
245 _aDIABETES
_cLAGOW, B
942 _2udc
_cBK
999 _c10471
_d10471